00938cam a2200289 a 45000010009000000050017000090080041000260100017000670200029000840200025001130200026001380400018001640420008001820500021001900820014002111000021002252450100002462600044003463000034003904900040004245040066004646500021005306500021005516500025005726500028005977000023006251625098520170105102840.0100525s2011 enka b 001 0 eng  a 2010021807 a9780415779784 (hardback) a9780415779791 (pbk.) a9780203838273 (ebook) aDLCcDLCdDLC apcc00aH97.7b.M34 201100a320.62221 aMcGann, James G.10aGlobal think tanks :bpolicy networks and governance /cJames G. McGann, with Richard Sabatini. aLondon ;aNew York :bRoutledge,c2011. axxi, 161 p. :bill. ;c23 cm.0 aRoutledge global institutions ;v47 aIncludes bibliographical references (p. [143]-155) and index. 0aPolicy networks. 0aPolicy sciences. 0aResearch institutes. 0aComparative government.1 aSabatini, Richard.